000 00703nam a22002057a 4500
008 160304b xxu||||| |||| 00| 0 eng d
020 _a978-0-470-18235-2
082 _22011
_aDC 621.382
_bB863
245 _aBroadband optical access networks /
_cLeonid G. Kazovsky...[and 4 others]
260 _aNew Jersey:
_bJohn Wiley & Sons, Inc.,
_c©2011.
300 _axvi, 283 pages :
_billustrations ;
_c25 cm.
500 _aIncludes bibliographical references and index.
650 0 _93401
_aOptical communications.
700 _93403
_aCheng, Ning
700 _93404
_aShaw, Wei-Tao
700 _93405
_aGutierrez, David
700 _93406
_aWong, Shing-Wa
365 _b5,168.00
_cPhp
942 _2ddc
_cDC
999 _c1194
_d1194